00689nam a2200205Ia 4500003000900000008004100009040001300050040001300063041000800076100001800084245004300102250001200145260000700157260000900164300001100173300001000184490002600194490000700220600025600227IT-RoPAU120407s9999 xx 000 0 und d aIT-RoPAU cIT-RoPAU aita aWilli Marxsen aLa resurrezione di Gesù€ di Nazareth. aBologna aED c1970 a246 p. c22 cm aEpifania della Parola v16 a"Tit. orig.: Die Auferstehung Jesu von Nazareth. Trad. B. Liverani. Ed. italiana a cura di C. Benincasa. In testa al front.: Willi Marxen. 1 - Resurrezione I - Liverani, Bruno II - Benincasa, Carmine. 232.5 BNI 71-1295"